000 00373nam a2200145Ia 4500
008 231217s9999 xx 000 0 und d
041 _aEnglish
082 _a001.6424JAV SOF;1
100 _aSoftware Technology Group.
245 0 _aJava basics
260 _c2006
_bSoftware Technology Group.
_aNew Delhi
300 _a13.18+A22
650 _aJava,basics
942 _cAA
999 _c193180
_d193180